| 000 | 00530nam a22001697a 4500 | ||
|---|---|---|---|
| 003 | DO-SdBNP | ||
| 005 | 20210923103916.0 | ||
| 008 | 210831b 2020 sp a 00| 0 eng d | ||
| 020 | _a9781734483017 | ||
| 040 |
_aDO-SdBNP _bspa _cBNPHU |
||
| 100 | 1 |
_aMarte, Belkis M. _979573 |
|
| 245 | 1 | 0 |
_aBanana y Zanahoria sueƱan ser libres : _bBanana & Carrot Dream Of Freedom / _cBelkis M. Marte. |
| 260 |
_aNew York : _bBooks&smith, _c2020. |
||
| 300 |
_a23 p. : _bil. ; _c28 cm. |
||
| 590 | _aInventariado, 2021 /LP | ||
| 942 |
_2ddc _cLBS1 |
||
| 999 |
_c50351 _d50351 |
||